| 000 | 01057nam a2200325Ia 4500 | ||
|---|---|---|---|
| 003 | OSt | ||
| 005 | 20221007122939.0 | ||
| 006 | a|||||r|||| 00| 0 | ||
| 007 | ta | ||
| 008 | 221006b |||||||| |||| 00| 0 eng d | ||
| 020 | _a9780750627672 (pbk) | ||
| 024 | _a192407 | ||
| 037 |
_b4002, 20/03/2015, Educational Book Agency (India) _cTextual |
||
| 040 |
_aPAPL _cPAPL _beng |
||
| 041 |
_2eng _aeng |
||
| 082 | _aB75:2, J91;M7.6-;4Carpa | ||
| 100 | _aLandau L D | ||
| 245 | 0 |
_aFluid mechanics _b Lifshitz E M |
|
| 250 | _a2 | ||
| 260 |
_aNew _bDelhi Elsevier India _c1987 |
||
| 300 |
_axiii, 539p. ill. _ccm. |
||
| 490 | _vVol.6 Course of theoretical physics(xiii, 539p.) | ||
| 500 | _aIndex 533-539p.; Reprint 2014. | ||
| 650 |
_a Boundary layers _9715743 |
||
| 650 |
_a Sound _9715744 |
||
| 650 |
_aFluid dynamic _9715745 |
||
| 700 | _a Lifshitz E M | ||
| 942 |
_hB75:2, J91;M7.6-;4Carpa _cTEXL _2CC |
||
| 999 |
_c1211135 _d1211135 |
||